| 000 | 00485nam a22001817a 4500 | ||
|---|---|---|---|
| 003 | BUBTL | ||
| 008 | 170330b xxu||||| |||| 00| 0 eng d | ||
| 082 | _a677 | ||
| 100 |
_91168 _aTextile Institute |
||
| 245 | _aRotor and Unconventional Spinning System | ||
| 260 | _bTextile Institute | ||
| 300 |
_a264p. _c21cm. |
||
| 650 | 0 |
_91170 _aTextile Engineering |
|
| 700 |
_91169 _aTextile Institute |
||
| 856 |
_k0 _l0 _yDownload |
||
| 942 |
_2ddc _cBK |
||
| 999 |
_c5437 _d5437 |
||